000 01513cam a22003614a 4500
001 12357812
003 OSt
005 20180328194147.0
008 010326s2001 enka b 001 0 eng
010 _a 2001021728
020 _a0333919653
020 _a0333919661 (pbk.)
040 _aDLC
_cDLC
_dDLC
042 _apcc
043 _ad------
050 0 0 _aHF1418.5
_b.G58188 2001
082 0 0 _a337
_221
_bGLO 2001
100 _aEdited by Jomo K.S.; Shyamala Nagaraj.
_912595
245 0 0 _aGlobalization Versus Development
260 _aHoundmills, Basingstoke, Hampshire ;
_bPalgrave,
_c2001.
300 _axxvii, 240 p. :
_bill. ;
_c23 cm.
490 1 _aInternational political economy series
500 _aRev. papers selected from an international conference on "Globalisation and development: lessons for the Malaysian economy" held in mid-Aug. 1996 in Kuala Lumpur.
504 _aIncludes bibliographical references (p. 225-237) and index.
650 0 _aInternational economic integration.
_91909
650 0 _aInternational finance.
_91014
830 0 _aInternational political economy series (Palgrave (Firm))
_91006
856 4 2 _3Contributor biographical information
_uhttp://www.loc.gov/catdir/bios/hol058/2001021728.html
856 4 2 _3Publisher description
_uhttp://www.loc.gov/catdir/description/hol051/2001021728.html
856 4 1 _3Table of contents
_uhttp://www.loc.gov/catdir/toc/hol051/2001021728.html
906 _a7
_bcbc
_corignew
_d1
_eocip
_f20
_gy-gencatlg
942 _2ddc
_cSLOAN
999 _c3254
_d3254